000 00294nam a22001337a 4500
008 170727b xxu||||| |||| 00| 0 eng d
020 _a9780321563798
041 _aeng
080 _a004
100 _a31
101 _aSHK
245 _aMICFOSOFT EXPRESSION WEB 2
_cHESTER,N
942 _2udc
_cBK
999 _c21972
_d21972